[Event "DEM U16 2024"]
[Site "Willingen GER"]
[Date "2024.05.24"]
[Round "8"]
[White "Jahnz, Laurin"]
[Black "Haubold, Sebastian"]
[Result "0-1"]
[Termination "normal"]
[Board "6"]
[WhiteElo "2202"]
[BlackElo "2127"]
[WhiteClock "00:10:01"]
[BlackClock "00:09:04"]
[PlyCount "82"]
[WhiteFideId "16261089"]
[BlackFideId "16259637"]
[EventCountry "GER"]
[EventRounds "9"]
[EventType "swiss"]
[EventDate "2024.05.18"]

1. e4 {[%clk 01:30:58]} {[%emt 00:00:02]} e5 {[%clk 01:30:47]} {[%emt
00:00:13]} 2. Nf3 {[%clk 01:31:25]} {[%emt 00:00:03]} Nc6 {[%clk 01:31:07]}
{[%emt 00:00:10]} 3. Bc4 {[%clk 01:31:51]} {[%emt 00:00:03]} Nf6 {[%clk
01:31:30]} {[%emt 00:00:07]} 4. d3 {[%clk 01:32:18]} {[%emt 00:00:03]} Bc5
{[%clk 01:31:37]} {[%emt 00:00:24]} 5. a4 {[%clk 01:32:37]} {[%emt 00:00:11]}
d6 {[%clk 01:28:35]} {[%emt 00:03:32]} 6. O-O {[%clk 01:32:52]} {[%emt
00:00:14]} a6 {[%clk 01:24:27]} {[%emt 00:04:38]} 7. Be3 {[%clk 01:32:55]}
{[%emt 00:00:27]} O-O {[%clk 01:22:06]} {[%emt 00:02:52]} 8. Nbd2 {[%clk
01:32:59]} {[%emt 00:00:26]} Ba7 {[%clk 01:18:52]} {[%emt 00:03:44]} 9. Bxa7
{[%clk 01:33:03]} {[%emt 00:00:27]} Rxa7 {[%clk 01:19:17]} {[%emt 00:00:05]}
10. Re1 {[%clk 01:30:45]} {[%emt 00:02:47]} Be6 {[%clk 01:19:00]} {[%emt
00:00:47]} 11. a5 {[%clk 01:28:31]} {[%emt 00:02:43]} Re8 {[%clk 01:15:29]}
{[%emt 00:04:00]} 12. Bxe6 {[%clk 01:19:39]} {[%emt 00:09:22]} Rxe6 {[%clk
01:15:25]} {[%emt 00:00:34]} 13. Nc4 {[%clk 01:18:13]} {[%emt 00:01:56]} d5
{[%clk 01:08:59]} {[%emt 00:06:57]} 14. exd5 {[%clk 01:15:51]} {[%emt
00:02:52]} Qxd5 {[%clk 01:08:50]} {[%emt 00:00:38]} 15. Ng5 {[%clk 01:08:18]}
{[%emt 00:08:02]} Re8 {[%clk 01:07:43]} {[%emt 00:01:38]} 16. Qf3 {[%clk
00:58:22]} {[%emt 00:10:27]} Nd4 {[%clk 00:51:45]} {[%emt 00:16:28]} 17. Qxd5
{[%clk 00:58:33]} {[%emt 00:00:19]} Nxd5 {[%clk 00:52:14]} {[%emt 00:00:02]}
18. Rac1 {[%clk 00:58:10]} {[%emt 00:00:52]} f6 {[%clk 00:51:43]} {[%emt
00:01:01]} 19. Ne4 {[%clk 00:55:45]} {[%emt 00:02:55]} Nb4 {[%clk 00:43:28]}
{[%emt 00:08:45]} 20. c3 {[%clk 00:49:01]} {[%emt 00:07:14]} Nxd3 {[%clk
00:43:43]} {[%emt 00:00:15]} 21. cxd4 {[%clk 00:49:26]} {[%emt 00:00:05]} Nxc1
{[%clk 00:44:04]} {[%emt 00:00:09]} 22. Rxc1 {[%clk 00:49:32]} {[%emt
00:00:23]} exd4 {[%clk 00:44:30]} {[%emt 00:00:05]} 23. Ned2 {[%clk 00:46:54]}
{[%emt 00:03:08]} Raa8 {[%clk 00:44:12]} {[%emt 00:00:48]} 24. Nb3 {[%clk
00:42:58]} {[%emt 00:04:25]} Rad8 {[%clk 00:41:14]} {[%emt 00:03:28]} 25. Kf1
{[%clk 00:39:43]} {[%emt 00:03:46]} Rd5 {[%clk 00:35:58]} {[%emt 00:05:46]} 26.
Ncd2 {[%clk 00:33:34]} {[%emt 00:06:40]} Re7 {[%clk 00:28:59]} {[%emt
00:07:28]} 27. Rc5 {[%clk 00:27:38]} {[%emt 00:06:26]} Rd8 {[%clk 00:25:24]}
{[%emt 00:04:05]} 28. Rc4 {[%clk 00:22:00]} {[%emt 00:06:08]} d3 {[%clk
00:22:38]} {[%emt 00:03:16]} 29. Rd4 {[%clk 00:15:07]} {[%emt 00:07:22]} Rxd4
{[%clk 00:21:40]} {[%emt 00:01:28]} 30. Nxd4 {[%clk 00:15:36]} Re5 {[%clk
00:20:32]} {[%emt 00:01:39]} 31. b4 {[%clk 00:15:28]} {[%emt 00:00:38]} Rd5
{[%clk 00:20:37]} {[%emt 00:00:25]} 32. N2b3 {[%clk 00:14:55]} {[%emt
00:01:03]} b6 {[%clk 00:20:55]} {[%emt 00:00:12]} 33. b5 {[%clk 00:12:17]}
{[%emt 00:03:09]} bxa5 {[%clk 00:15:57]} {[%emt 00:05:29]} 34. bxa6 {[%clk
00:12:43]} {[%emt 00:00:04]} a4 {[%clk 00:15:49]} {[%emt 00:00:37]} 35. a7
{[%clk 00:13:01]} {[%emt 00:00:12]} Rd8 {[%clk 00:16:15]} {[%emt 00:00:04]} 36.
Nd2 {[%clk 00:10:04]} {[%emt 00:03:27]} a3 {[%clk 00:16:15]} {[%emt 00:00:30]}
37. Ke1 {[%clk 00:10:22]} {[%emt 00:00:12]} Ra8 {[%clk 00:10:04]} {[%emt
00:06:41]} 38. Nc6 {[%clk 00:10:17]} {[%emt 00:00:34]} Kf7 {[%clk 00:10:27]}
{[%emt 00:00:08]} 39. Nb3 {[%clk 00:10:13]} {[%emt 00:00:34]} Ke6 {[%clk
00:10:41]} {[%emt 00:00:15]} 40. Kd2 {[%clk 00:10:34]} {[%emt 00:00:10]} Kd5
{[%clk 00:10:36]} {[%emt 00:00:35]} 41. Ncd4 {[%clk 00:10:01]} {[%emt
00:01:02]} Kc4 {[%clk 00:09:04]} {[%emt 00:02:02]} 0-1

[Event "DEM U16 2024"]
[Site "Willingen GER"]
[Date "2024.05.24"]
[Round "8"]
[White "Bräutigam, Alexander"]
[Black "Karle, Sam"]
[Result "1-0"]
[Termination "normal"]
[Board "7"]
[WhiteElo "2134"]
[BlackElo "2070"]
[WhiteClock "00:20:03"]
[BlackClock "00:18:23"]
[PlyCount "119"]
[WhiteFideId "16245210"]
[BlackFideId "16290089"]
[EventCountry "GER"]
[EventRounds "9"]
[EventType "swiss"]
[EventDate "2024.05.18"]

1. c4 {[%clk 01:30:57]} {[%emt 00:00:02]} e6 {[%clk 01:30:53]} {[%emt
00:00:07]} 2. Nc3 {[%clk 01:31:23]} {[%emt 00:00:05]} d5 {[%clk 01:30:53]}
{[%emt 00:00:30]} 3. d4 {[%clk 01:31:35]} {[%emt 00:00:18]} Nf6 {[%clk
01:31:15]} {[%emt 00:00:07]} 4. cxd5 {[%clk 01:31:56]} {[%emt 00:00:09]} Nxd5
{[%clk 01:31:24]} {[%emt 00:00:22]} 5. e4 {[%clk 01:30:35]} {[%emt 00:01:51]}
Nxc3 {[%clk 01:31:47]} {[%emt 00:00:07]} 6. bxc3 {[%clk 01:30:59]} {[%emt
00:00:06]} c5 {[%clk 01:32:10]} {[%emt 00:00:07]} 7. Nf3 {[%clk 01:28:00]}
{[%emt 00:03:29]} cxd4 {[%clk 01:32:33]} {[%emt 00:00:07]} 8. cxd4 {[%clk
01:26:01]} {[%emt 00:02:29]} Bb4+ {[%clk 01:32:55]} {[%emt 00:00:07]} 9. Bd2
{[%clk 01:26:20]} {[%emt 00:00:12]} Bxd2+ {[%clk 01:33:21]} {[%emt 00:00:05]}
10. Qxd2 {[%clk 01:26:46]} {[%emt 00:00:04]} O-O {[%clk 01:33:41]} {[%emt
00:00:09]} 11. Be2 {[%clk 01:26:30]} {[%emt 00:00:45]} b6 {[%clk 01:33:53]}
{[%emt 00:00:18]} 12. O-O {[%clk 01:23:02]} {[%emt 00:03:58]} Bb7 {[%clk
01:34:03]} {[%emt 00:00:21]} 13. Qe3 {[%clk 01:22:06]} {[%emt 00:01:26]} Nd7
{[%clk 01:32:47]} {[%emt 00:01:45]} 14. Rac1 {[%clk 01:20:16]} {[%emt
00:02:20]} Nf6 {[%clk 01:31:06]} {[%emt 00:02:10]} 15. Bd3 {[%clk 01:19:56]}
{[%emt 00:00:51]} Qe7 {[%clk 01:27:19]} {[%emt 00:04:17]} 16. Ne5 {[%clk
01:12:43]} {[%emt 00:07:44]} Rac8 {[%clk 01:24:19]} {[%emt 00:03:29]} 17. f3
{[%clk 01:06:40]} {[%emt 00:06:33]} Rfd8 {[%clk 01:17:00]} {[%emt 00:07:49]}
18. Rxc8 {[%clk 00:50:40]} {[%emt 00:16:31]} Rxc8 {[%clk 01:17:28]} {[%emt
00:00:02]} 19. Rc1 {[%clk 00:51:02]} {[%emt 00:00:08]} Qd8 {[%clk 01:00:26]}
{[%emt 00:17:31]} 20. Rc4 {[%clk 00:42:07]} {[%emt 00:09:25]} Rxc4 {[%clk
00:54:53]} {[%emt 00:06:02]} 21. Bxc4 {[%clk 00:42:09]} {[%emt 00:00:28]} Qc8
{[%clk 00:50:16]} {[%emt 00:05:08]} 22. Qb3 {[%clk 00:35:06]} {[%emt 00:07:24]}
Qd8 {[%clk 00:40:03]} {[%emt 00:10:52]} 23. Qd3 {[%clk 00:32:56]} {[%emt
00:02:40]} Nd7 {[%clk 00:39:03]} {[%emt 00:01:29]} 24. Ng4 {[%clk 00:32:16]}
{[%emt 00:01:11]} Qe7 {[%clk 00:33:52]} {[%emt 00:05:40]} 25. h3 {[%clk
00:30:19]} {[%emt 00:02:28]} h5 {[%clk 00:30:07]} {[%emt 00:04:15]} 26. Ne3
{[%clk 00:30:21]} {[%emt 00:00:28]} Qd6 {[%clk 00:29:47]} {[%emt 00:00:49]} 27.
Qc3 {[%clk 00:22:52]} {[%emt 00:07:58]} e5 {[%clk 00:25:10]} {[%emt 00:05:08]}
28. Nf5 {[%clk 00:15:21]} {[%emt 00:08:01]} Qf8 {[%clk 00:25:19]} {[%emt
00:00:21]} 29. Kh1 {[%clk 00:12:26]} {[%emt 00:03:26]} g6 {[%clk 00:22:46]}
{[%emt 00:03:02]} 30. dxe5 {[%clk 00:04:01]} {[%emt 00:08:56]} gxf5 {[%clk
00:15:52]} {[%emt 00:07:23]} 31. e6 {[%clk 00:04:27]} {[%emt 00:00:04]} Qd6
{[%clk 00:13:40]} {[%emt 00:02:41]} 32. exd7 {[%clk 00:04:03]} {[%emt
00:00:55]} Qxd7 {[%clk 00:12:03]} {[%emt 00:02:07]} 33. Qe5 {[%clk 00:03:07]}
{[%emt 00:01:26]} fxe4 {[%clk 00:11:45]} {[%emt 00:00:48]} 34. fxe4 {[%clk
00:03:12]} {[%emt 00:00:25]} Qc6 {[%clk 00:08:32]} {[%emt 00:03:42]} 35. Bd5
{[%clk 00:01:56]} {[%emt 00:01:47]} Qc1+ {[%clk 00:08:17]} {[%emt 00:00:45]}
36. Kh2 {[%clk 00:02:25]} Bxd5 {[%clk 00:07:25]} {[%emt 00:01:22]} 37. exd5
{[%clk 00:02:54]} {[%emt 00:00:01]} Qc5 {[%clk 00:06:32]} {[%emt 00:01:22]} 38.
Qxh5 {[%clk 00:01:58]} {[%emt 00:01:26]} Qc7+ {[%clk 00:06:52]} {[%emt
00:00:10]} 39. Kg1 {[%clk 00:02:10]} {[%emt 00:00:18]} Qc1+ {[%clk 00:06:45]}
{[%emt 00:00:37]} 40. Kf2 {[%clk 00:02:00]} {[%emt 00:00:39]} Qd2+ {[%clk
00:05:23]} {[%emt 00:01:51]} 41. Kg3 {[%clk 00:00:36]} {[%emt 00:01:39]} Qxa2
{[%clk 00:04:47]} {[%emt 00:01:22]} 42. Qg5+ {[%clk 00:29:20]} {[%emt
00:01:44]} Kh7 {[%clk 00:31:30]} {[%emt 00:03:49]} 43. Qh4+ {[%clk 00:27:48]}
{[%emt 00:02:02]} Kg8 {[%clk 00:30:52]} {[%emt 00:01:07]} 44. Qg4+ {[%clk
00:27:11]} {[%emt 00:01:07]} Kh7 {[%clk 00:30:44]} {[%emt 00:00:38]} 45. Qe4+
{[%clk 00:27:25]} {[%emt 00:00:17]} Kg8 {[%clk 00:30:40]} {[%emt 00:00:34]} 46.
Qe8+ {[%clk 00:27:47]} {[%emt 00:00:08]} Kg7 {[%clk 00:30:57]} {[%emt
00:00:13]} 47. Qe5+ {[%clk 00:28:11]} {[%emt 00:00:07]} Kh7 {[%clk 00:28:59]}
{[%emt 00:02:28]} 48. d6 {[%clk 00:28:17]} {[%emt 00:00:24]} Qa3+ {[%clk
00:27:48]} {[%emt 00:01:40]} 49. Kh2 {[%clk 00:27:59]} {[%emt 00:00:49]} Qd3
{[%clk 00:26:11]} {[%emt 00:02:06]} 50. Qe7 {[%clk 00:24:57]} {[%emt 00:03:33]}
Qf5 {[%clk 00:26:39]} {[%emt 00:00:03]} 51. d7 {[%clk 00:23:40]} {[%emt
00:01:47]} Qf4+ {[%clk 00:26:58]} {[%emt 00:00:10]} 52. Kg1 {[%clk 00:23:57]}
{[%emt 00:00:12]} Qc1+ {[%clk 00:24:00]} {[%emt 00:03:28]} 53. Kf2 {[%clk
00:24:04]} {[%emt 00:00:23]} Qd2+ {[%clk 00:23:19]} {[%emt 00:01:12]} 54. Kf3
{[%clk 00:22:42]} {[%emt 00:01:48]} Qd3+ {[%clk 00:22:06]} {[%emt 00:01:47]}
55. Kf4 {[%clk 00:21:37]} {[%emt 00:01:30]} Qd2+ {[%clk 00:22:12]} {[%emt
00:00:30]} 56. Kg3 {[%clk 00:21:03]} {[%emt 00:01:02]} Qc3+ {[%clk 00:20:39]}
{[%emt 00:02:04]} 57. Kh4 {[%clk 00:20:38]} {[%emt 00:00:54]} Qd4+ {[%clk
00:20:30]} {[%emt 00:00:42]} 58. g4 {[%clk 00:20:17]} {[%emt 00:00:51]} Qf2+
{[%clk 00:20:47]} {[%emt 00:00:12]} 59. Kh5 {[%clk 00:20:16]} {[%emt 00:00:31]}
Qf4 {[%clk 00:18:23]} {[%emt 00:02:54]} 60. Qg5 {[%clk 00:20:03]} {[%emt
00:00:43]} 1-0

[Event "DEM U16 2024"]
[Site "Willingen GER"]
[Date "2024.05.24"]
[Round "8"]
[White "Helms, Finn"]
[Black "Sommer, Justus"]
[Result "0-1"]
[Termination "normal"]
[Board "8"]
[WhiteElo "2044"]
[BlackElo "2069"]
[WhiteClock "00:01:00"]
[BlackClock "00:05:26"]
[PlyCount "80"]
[WhiteFideId "16249143"]
[BlackFideId "16245008"]
[EventCountry "GER"]
[EventRounds "9"]
[EventType "swiss"]
[EventDate "2024.05.18"]

1. e4 {[%clk 01:30:59]} e5 {[%clk 01:30:48]} {[%emt 00:00:11]} 2. Nf3 {[%clk
01:31:27]} {[%emt 00:00:02]} Nc6 {[%clk 01:31:08]} {[%emt 00:00:10]} 3. Bc4
{[%clk 01:31:54]} {[%emt 00:00:04]} Nf6 {[%clk 01:31:23]} {[%emt 00:00:14]} 4.
d3 {[%clk 01:32:19]} {[%emt 00:00:05]} d5 {[%clk 01:31:39]} {[%emt 00:00:15]}
5. exd5 {[%clk 01:31:10]} {[%emt 00:01:40]} Nxd5 {[%clk 01:32:02]} {[%emt
00:00:06]} 6. O-O {[%clk 01:24:55]} {[%emt 00:06:46]} Nb6 {[%clk 01:32:15]}
{[%emt 00:00:16]} 7. Bb5 {[%clk 01:17:10]} {[%emt 00:08:16]} Bd6 {[%clk
01:32:03]} {[%emt 00:00:38]} 8. Re1 {[%clk 01:06:34]} {[%emt 00:11:09]} f6
{[%clk 01:31:45]} {[%emt 00:00:47]} 9. d4 {[%clk 00:59:39]} {[%emt 00:07:26]}
O-O {[%clk 01:31:40]} {[%emt 00:00:32]} 10. Bxc6 {[%clk 00:54:04]} {[%emt
00:06:08]} bxc6 {[%clk 01:32:01]} {[%emt 00:00:07]} 11. c3 {[%clk 00:51:26]}
{[%emt 00:03:09]} Bg4 {[%clk 01:21:20]} {[%emt 00:11:10]} 12. h3 {[%clk
00:46:07]} {[%emt 00:05:49]} Bh5 {[%clk 01:20:09]} {[%emt 00:01:40]} 13. Nbd2
{[%clk 00:45:16]} {[%emt 00:01:22]} Qe8 {[%clk 01:00:44]} {[%emt 00:19:55]} 14.
c4 {[%clk 00:31:11]} {[%emt 00:14:36]} Nd7 {[%clk 00:36:23]} {[%emt 00:24:49]}
15. c5 {[%clk 00:27:55]} {[%emt 00:03:47]} Be7 {[%clk 00:36:46]} {[%emt
00:00:06]} 16. Qb3+ {[%clk 00:19:40]} {[%emt 00:08:45]} Qf7 {[%clk 00:29:19]}
{[%emt 00:07:57]} 17. Qxf7+ {[%clk 00:13:27]} {[%emt 00:06:43]} Bxf7 {[%clk
00:29:24]} {[%emt 00:00:25]} 18. dxe5 {[%clk 00:11:37]} {[%emt 00:02:21]} Nxc5
{[%clk 00:29:08]} {[%emt 00:00:46]} 19. exf6 {[%clk 00:09:14]} {[%emt
00:02:54]} Bxf6 {[%clk 00:29:26]} {[%emt 00:00:11]} 20. Ne4 {[%clk 00:09:38]}
{[%emt 00:00:06]} Nxe4 {[%clk 00:29:01]} {[%emt 00:00:56]} 21. Rxe4 {[%clk
00:10:06]} {[%emt 00:00:02]} Bd5 {[%clk 00:28:09]} {[%emt 00:01:21]} 22. Rb4
{[%clk 00:09:28]} {[%emt 00:01:08]} Rfb8 {[%clk 00:23:36]} {[%emt 00:05:03]}
23. a3 {[%clk 00:04:06]} {[%emt 00:05:53]} c5 {[%clk 00:22:42]} {[%emt
00:01:23]} 24. Rxb8+ {[%clk 00:04:05]} {[%emt 00:00:30]} Rxb8 {[%clk 00:23:11]}
{[%emt 00:00:02]} 25. Nd2 {[%clk 00:01:17]} {[%emt 00:03:18]} Kf7 {[%clk
00:18:31]} {[%emt 00:05:10]} 26. Rb1 {[%clk 00:01:07]} {[%emt 00:00:41]} Ba2
{[%clk 00:13:07]} {[%emt 00:05:54]} 27. Ra1 {[%clk 00:01:36]} Bxb2 {[%clk
00:13:18]} {[%emt 00:00:19]} 28. Rxa2 {[%clk 00:01:17]} {[%emt 00:00:49]} Bxc1
{[%clk 00:13:45]} {[%emt 00:00:02]} 29. Ne4 {[%clk 00:01:06]} {[%emt 00:00:42]}
Rb1 {[%clk 00:13:33]} {[%emt 00:00:42]} 30. Kh2 {[%clk 00:01:13]} {[%emt
00:00:22]} Rb2 {[%clk 00:12:43]} {[%emt 00:01:20]} 31. Ra1 {[%clk 00:01:26]}
{[%emt 00:00:18]} Bf4+ {[%clk 00:11:47]} {[%emt 00:01:26]} 32. g3 {[%clk
00:01:53]} {[%emt 00:00:03]} Be5 {[%clk 00:10:00]} {[%emt 00:02:17]} 33. Rc1
{[%clk 00:01:50]} {[%emt 00:00:33]} Bd4 {[%clk 00:10:29]} {[%emt 00:00:02]} 34.
Nxc5 {[%clk 00:01:34]} {[%emt 00:00:46]} Rxf2+ {[%clk 00:10:03]} {[%emt
00:00:56]} 35. Kh1 {[%clk 00:02:01]} {[%emt 00:00:03]} Rf3 {[%clk 00:08:54]}
{[%emt 00:01:39]} 36. Ne4 {[%clk 00:02:01]} {[%emt 00:00:30]} Rxa3 {[%clk
00:07:43]} {[%emt 00:01:41]} 37. Rxc7+ {[%clk 00:02:24]} {[%emt 00:00:08]} Ke6
{[%clk 00:07:36]} {[%emt 00:00:36]} 38. Kg2 {[%clk 00:01:04]} {[%emt 00:01:49]}
Kd5 {[%clk 00:07:44]} {[%emt 00:00:22]} 39. Ng5 {[%clk 00:00:37]} {[%emt
00:00:58]} Be5 {[%clk 00:05:06]} {[%emt 00:03:07]} 40. Rd7+ {[%clk 00:01:00]}
{[%emt 00:00:08]} Kc6 {[%clk 00:05:26]} {[%emt 00:00:10]} 0-1

[Event "DEM U16 2024"]
[Site "Willingen GER"]
[Date "2024.05.24"]
[Round "8"]
[White "Möller, Maurin"]
[Black "Mester, Philipp"]
[Result "1/2-1/2"]
[Termination "normal"]
[Board "9"]
[WhiteElo "2193"]
[BlackElo "1975"]
[WhiteClock "00:08:01"]
[BlackClock "00:16:23"]
[PlyCount "118"]
[WhiteFideId "16265696"]
[BlackFideId "34624902"]
[EventCountry "GER"]
[EventRounds "9"]
[EventType "swiss"]
[EventDate "2024.05.18"]

1. e4 {[%clk 01:30:54]} {[%emt 00:00:05]} e5 {[%clk 01:30:57]} {[%emt
00:00:04]} 2. Nf3 {[%clk 01:31:11]} {[%emt 00:00:13]} Nc6 {[%clk 01:31:23]}
{[%emt 00:00:04]} 3. d4 {[%clk 01:31:28]} {[%emt 00:00:13]} exd4 {[%clk
01:31:48]} {[%emt 00:00:05]} 4. Bc4 {[%clk 01:31:47]} {[%emt 00:00:10]} Bc5
{[%clk 01:32:05]} {[%emt 00:00:13]} 5. O-O {[%clk 01:32:03]} {[%emt 00:00:15]}
d6 {[%clk 01:32:24]} {[%emt 00:00:11]} 6. c3 {[%clk 01:04:18]} {[%emt
00:28:14]} Bg4 {[%clk 01:31:20]} {[%emt 00:01:34]} 7. Nbd2 {[%clk 00:52:25]}
{[%emt 00:12:24]} dxc3 {[%clk 01:29:02]} {[%emt 00:02:48]} 8. bxc3 {[%clk
00:52:43]} {[%emt 00:00:12]} Nf6 {[%clk 01:28:37]} {[%emt 00:00:54]} 9. Bd5
{[%clk 00:31:16]} {[%emt 00:21:57]} O-O {[%clk 01:27:06]} {[%emt 00:02:02]} 10.
Qa4 {[%clk 00:31:13]} {[%emt 00:00:32]} Bd7 {[%clk 01:25:33]} {[%emt 00:02:03]}
11. Rb1 {[%clk 00:31:19]} {[%emt 00:00:25]} Nd4 {[%clk 01:19:18]} {[%emt
00:06:44]} 12. Qd1 {[%clk 00:31:26]} {[%emt 00:00:22]} Nxf3+ {[%clk 01:19:22]}
{[%emt 00:00:28]} 13. Qxf3 {[%clk 00:31:43]} {[%emt 00:00:12]} c6 {[%clk
01:19:32]} {[%emt 00:00:21]} 14. Bc4 {[%clk 00:31:08]} {[%emt 00:01:05]} b5
{[%clk 01:18:50]} {[%emt 00:01:11]} 15. Bd3 {[%clk 00:28:21]} {[%emt 00:03:17]}
Ng4 {[%clk 01:18:17]} {[%emt 00:01:03]} 16. Qg3 {[%clk 00:28:31]} {[%emt
00:00:20]} Ne5 {[%clk 01:16:24]} {[%emt 00:02:23]} 17. Bc2 {[%clk 00:28:28]}
{[%emt 00:00:33]} Be6 {[%clk 01:13:22]} {[%emt 00:03:32]} 18. Nb3 {[%clk
00:27:15]} {[%emt 00:01:44]} Bb6 {[%clk 01:12:10]} {[%emt 00:01:41]} 19. Kh1
{[%clk 00:26:00]} {[%emt 00:01:44]} Bc4 {[%clk 01:11:19]} {[%emt 00:01:22]} 20.
Rd1 {[%clk 00:24:35]} {[%emt 00:01:55]} Bxb3 {[%clk 01:06:37]} {[%emt
00:05:13]} 21. axb3 {[%clk 00:24:13]} {[%emt 00:00:51]} Qe7 {[%clk 01:01:56]}
{[%emt 00:05:11]} 22. f4 {[%clk 00:10:46]} {[%emt 00:13:57]} Ng6 {[%clk
01:02:07]} {[%emt 00:00:19]} 23. Ba3 {[%clk 00:10:28]} {[%emt 00:00:48]} Rfd8
{[%clk 01:01:03]} {[%emt 00:01:34]} 24. e5 {[%clk 00:09:54]} {[%emt 00:01:04]}
c5 {[%clk 01:00:59]} {[%emt 00:00:33]} 25. Re1 {[%clk 00:08:05]} {[%emt
00:02:19]} dxe5 {[%clk 00:58:50]} {[%emt 00:02:40]} 26. f5 {[%clk 00:08:05]}
{[%emt 00:00:30]} Nf8 {[%clk 00:58:14]} {[%emt 00:01:06]} 27. Rxe5 {[%clk
00:08:19]} {[%emt 00:00:17]} Qf6 {[%clk 00:57:13]} {[%emt 00:01:30]} 28. Re2
{[%clk 00:07:39]} {[%emt 00:01:10]} Re8 {[%clk 00:56:40]} {[%emt 00:01:03]} 29.
Rbe1 {[%clk 00:06:15]} {[%emt 00:01:54]} Rxe2 {[%clk 00:56:42]} {[%emt
00:00:29]} 30. Rxe2 {[%clk 00:06:43]} {[%emt 00:00:01]} Rd8 {[%clk 00:55:20]}
{[%emt 00:01:51]} 31. Bc1 {[%clk 00:06:36]} {[%emt 00:00:38]} h6 {[%clk
00:54:45]} {[%emt 00:01:06]} 32. Bf4 {[%clk 00:06:51]} {[%emt 00:00:14]} Ba5
{[%clk 00:48:50]} {[%emt 00:06:26]} 33. Be5 {[%clk 00:04:51]} {[%emt 00:02:29]}
Qg5 {[%clk 00:48:13]} {[%emt 00:01:07]} 34. Qe1 {[%clk 00:05:16]} {[%emt
00:00:05]} Re8 {[%clk 00:45:50]} {[%emt 00:02:54]} 35. h4 {[%clk 00:04:20]}
{[%emt 00:01:26]} Qg4 {[%clk 00:45:43]} {[%emt 00:00:37]} 36. Re4 {[%clk
00:02:44]} {[%emt 00:02:06]} Qxf5 {[%clk 00:45:27]} {[%emt 00:00:45]} 37. Bxg7
{[%clk 00:02:12]} {[%emt 00:01:02]} Rxe4 {[%clk 00:29:31]} {[%emt 00:16:26]}
38. Bxe4 {[%clk 00:02:37]} {[%emt 00:00:05]} Qe6 {[%clk 00:29:40]} {[%emt
00:00:20]} 39. Bxf8 {[%clk 00:02:38]} {[%emt 00:00:30]} Kxf8 {[%clk 00:29:53]}
{[%emt 00:00:17]} 40. Qe3 {[%clk 00:02:56]} {[%emt 00:00:12]} Bb6 {[%clk
00:28:25]} {[%emt 00:01:59]} 41. Qf4 {[%clk 00:28:50]} {[%emt 00:04:34]} Ke7
{[%clk 00:57:19]} {[%emt 00:01:37]} 42. Bf5 {[%clk 00:25:51]} {[%emt 00:03:29]}
Qe1+ {[%clk 00:56:44]} {[%emt 00:01:04]} 43. Kh2 {[%clk 00:26:14]} {[%emt
00:00:08]} Qxc3 {[%clk 00:56:31]} {[%emt 00:00:42]} 44. Bg4 {[%clk 00:23:26]}
{[%emt 00:03:18]} Qf6 {[%clk 00:56:03]} {[%emt 00:00:57]} 45. Qe4+ {[%clk
00:13:10]} {[%emt 00:10:47]} Kd6 {[%clk 00:56:05]} {[%emt 00:00:27]} 46. Kh3
{[%clk 00:11:22]} {[%emt 00:02:19]} c4 {[%clk 00:44:16]} {[%emt 00:12:18]} 47.
bxc4 {[%clk 00:10:32]} {[%emt 00:01:21]} Qc3+ {[%clk 00:44:31]} {[%emt
00:00:14]} 48. g3 {[%clk 00:10:33]} {[%emt 00:00:29]} Qxc4 {[%clk 00:44:35]}
{[%emt 00:00:26]} 49. Qf5 {[%clk 00:10:33]} {[%emt 00:00:29]} b4 {[%clk
00:42:54]} {[%emt 00:02:12]} 50. Qf6+ {[%clk 00:10:15]} {[%emt 00:00:47]} Kc5
{[%clk 00:40:36]} {[%emt 00:02:47]} 51. Qe7+ {[%clk 00:10:10]} {[%emt
00:00:37]} Kd4 {[%clk 00:40:16]} {[%emt 00:00:49]} 52. Qf6+ {[%clk 00:10:02]}
{[%emt 00:00:38]} Ke3 {[%clk 00:37:11]} {[%emt 00:03:34]} 53. Qxh6+ {[%clk
00:08:06]} {[%emt 00:02:27]} Kd3 {[%clk 00:33:03]} {[%emt 00:04:38]} 54. Bf5+
{[%clk 00:07:45]} {[%emt 00:00:51]} Kc3 {[%clk 00:31:35]} {[%emt 00:01:57]} 55.
Qc1+ {[%clk 00:07:59]} {[%emt 00:00:17]} Kb3 {[%clk 00:30:27]} {[%emt
00:01:38]} 56. Qb1+ {[%clk 00:07:52]} {[%emt 00:00:37]} Ka3 {[%clk 00:30:19]}
{[%emt 00:00:37]} 57. Qa1+ {[%clk 00:08:08]} {[%emt 00:00:15]} Qa2 {[%clk
00:30:14]} {[%emt 00:00:34]} 58. Qe5 {[%clk 00:08:00]} {[%emt 00:00:39]} Qb2
{[%clk 00:28:37]} {[%emt 00:02:05]} 59. Qe7 {[%clk 00:08:01]} {[%emt 00:00:31]}
Qg7 {[%clk 00:16:23]} {[%emt 00:12:44]} 1/2-1/2